000 00474nam a2200181Ia 4500
008 090124s9999 xx 000 0 und d
082 _b33165
100 _aधारप नारायण
245 _a शपथ
250 _a1
260 _bदिलीप प्रकाशन
_c1996
300 _a240
600 _aधारप नारायण
630 _a शपथ
700 _aधारप नारायण
730 _a शपथ
942 _cBOOK
999 _c99081
_d99081